00342nam a2200133Ia 4500003000500000008004100005020001800046040001900064082000700083100001700090245005000107260003900157546001200196STCL181203s9999 xx 000 0 und d a9788184873511 aSTCLbENcSTCL 222 aThipse, S.S. 0aNon Conventional and Renewable Energy Sources bNarosa PublishingaNew Delhic2014 aEnglish